| 000 | 00740nam a2200229Ia 4500 | ||
|---|---|---|---|
| 005 | 20230802152806.0 | ||
| 008 | 210716s2009 xx 000 0 und d | ||
| 020 | _a9788177587456 | ||
| 040 | _cAIMIT LIBRARY | ||
| 041 | _aeng | ||
| 082 | _a005.43 VENM | ||
| 100 |
_aVenkateshmurthy, M G. _9128608 |
||
| 245 |
_aIntroduction to unix and shell programming / _cBy M.G. Venkateshmurthy. |
||
| 250 | _a1st ed. | ||
| 260 |
_aNew Delhi : _bPearson Education , _c2009. |
||
| 300 |
_axvi,375 p.; _c25 cm. |
||
| 650 |
_aFiles and file organization _9128609 |
||
| 650 |
_aFile attributes and permissions _9128610 |
||
| 650 |
_aBssic communication tools _9128611 |
||
| 650 |
_aRegular expressions _9128612 |
||
| 942 |
_2ddc _cBK _e1st _k005.43 VENM |
||
| 999 |
_c189674 _d189674 |
||